Atheka gaitzeko oihartzunak / (Record no. 51918)
[ view plain ]
| 000 -LEADER | |
|---|---|
| campo de control de longitud fija | 00618nam a2200181 i 4500 |
| 001 - NÚMERO DE CONTROL | |
| campo de control | 51918 |
| 003 - IDENTIFICADOR DE NÚMERO DE CONTROL | |
| campo de control | ES-MaACL |
| 005 - FECHA Y HORA DE LA ÚLTIMA TRANSACCIÓN | |
| campo de control | 20230906162454.0 |
| 007 - CAMPO FIJO DE DESCRIPCIÓN FÍSICA--INFORMACIÓN GENERAL | |
| campo de control de longitud fija | t| |
| 008 - DATOS DE LONGITUD FIJA--INFORMACIÓN GENERAL | |
| campo de control de longitud fija | 030821s1970 sp ||||1| spa d |
| 100 1# - ENTRADA PRINCIPAL--NOMBRE DE PERSONA | |
| Nombre de persona | Dasconaguerre, Juan Bautista. |
| 9 (RLIN) | 42779 |
| 245 10 - MENCIÓN DEL TÍTULO | |
| Título | Atheka gaitzeko oihartzunak / |
| Mención de responsabilidad, etc. | J.B.Daskonage ; revisión, traducción y estudio por Rodolfo Bozas Urrutia. |
| 250 ## - MENCION DE EDICION | |
| Mención de edición | Ed. bilingüe. |
| 260 ## - PUBLICACIÓN, DISTRIBUCIÓN, ETC. | |
| Lugar de publicación, distribución, etc. | [San Sebastián : |
| Nombre del editor, distribuidor, etc. | Sociedad Guipuzcoana de Ediciones y Publicaciones, |
| Fecha de publicación, distribución, etc. | 1970] |
| 300 ## - DESCRIPCIÓN FÍSICA | |
| Extensión | 285 p. ; |
| Dimensiones | 21 cm. |
| 700 1# - ENTRADA AGREGADA--NOMBRE PERSONAL | |
| Nombre de persona | Bozas Urrutia, Rodolfo. |
| 9 (RLIN) | 31215 |
| 852 ## - LOCALIZACIÓN | |
| Ubicación | ES-MaACL |
| Número de control de estantería | C-47559 |
| Sublocalización o colección | R.75838 |
| Estatus retirado | Estado de pérdida | Estado de daño | No para préstamo | Biblioteca de origen | Biblioteca actual | Ubicación en estantería | Fecha de adquisición | Fuente de adquisición | Total de préstamos | Signatura topográfica completa | Código de barras | Visto por última vez | Precio de reemplazo | Tipo de ítem Koha |
|---|---|---|---|---|---|---|---|---|---|---|---|---|---|---|
| Biblioteca del Ateneo de Madrid | Biblioteca del Ateneo de Madrid | Depósito 2 | 17/01/2008 | C-47559 | 1054588 | 23/02/2023 | 23/02/2023 | Libro impreso |
